000 nam a22 7a 4500
999 _c19141
_d19141
008 170114b xxu||||| |||| 00| 0 eng d
020 _a9780030744365
050 _aHF 5415 .S76 1992
100 _aStone David P.
_d1992
245 _aStudy guide for the telecourse:
_bMarketing/
_cDavid P. Stone and Valerie Lynch Lee
250 _a4th ed.
260 _aForth Worth:
_bThe dryden press,
_c1992.
300 _aviii,407p.:
_bill.;
_c27cm.
521 _aIncludes index.
650 _aMarketing.
700 _aLee, Valerie Lynch
942 _2lcc
_cBOOKS
_hHF 5415 .S76 1992